000 01010nam a2200253 a 4500
001 000035251
003 DO-SdBNP
005 20250618125923.0
008 111026s1948 cu r 000 0 spa d
040 _aDO-SdBNP
_bspa
_cBNPHU
082 _a972.93053
_bJ61,1948
100 1 _aJimenes Grullón, Juan Isidro,
_d1903-1983
_92482
245 1 4 _aUna gestapo en América :
_b(vida, tortura, agonía y muerte de presos políticos bajo la tiranía de Trujillo) /
_cJuan Isidro Jimenes-Grullón ; prólogo Raul Roa.
250 _a4a ed.
260 _aLa Habana :
_bTalleres Tipográficos de Editorial Lex,
_c1948.
300 _a335 p. ;
_c22 cm.
590 _aInventariado, 2019/BT
600 1 0 _aJimenes Grullón, Juan Isidro,
_d1903-1983
_92482
650 4 _aDelitos políticos
_zRepública Dominicana
_92846
651 4 _aRepública Dominicana
_xPolítica y gobierno
_yEra de Trujillo, 1930-1961
_92845
700 1 2 _aRoa, Raul,
_epról.
_916973
910 _aValidado. Control de calidad. MFF
942 _2ddc
_cLBS1
999 _c34742
_d34742